Survival at 120 above / (Record no. 8375)

MARC details
000 -LEADER
fixed length control field 01498cam a2200385 a 4500
001 - CONTROL NUMBER
control field 8375
003 - CONTROL NUMBER IDENTIFIER
control field FISKH
005 - DATE AND TIME OF LATEST TRANSACTION
control field 20250910103054.0
008 - FIXED-LENGTH DATA ELEMENTS--GENERAL INFORMATION
fixed length control field 110804s2012 nyua j b 000 0 eng
010 ## - LIBRARY OF CONGRESS CONTROL NUMBER
LC control number 2011021943
020 ## - INTERNATIONAL STANDARD BOOK NUMBER
International Standard Book Number 9780802798138
Qualifying information hardback
020 ## - INTERNATIONAL STANDARD BOOK NUMBER
International Standard Book Number 9780545624817
020 ## - INTERNATIONAL STANDARD BOOK NUMBER
International Standard Book Number 9780802798145
Qualifying information reinforced
035 ## - SYSTEM CONTROL NUMBER
System control number 16904016
040 ## - CATALOGING SOURCE
Original cataloging agency DLC
Transcribing agency DLC
Modifying agency DLC
050 00 - LIBRARY OF CONGRESS CALL NUMBER
Classification number QL338
Item number .M55 2012
082 00 - DEWEY DECIMAL CLASSIFICATION NUMBER
Classification number 591.75409943/7
Edition number 23
100 1# - MAIN ENTRY--PERSONAL NAME
Personal name Miller, Debbie S.
245 10 - TITLE STATEMENT
Title Survival at 120 above /
Statement of responsibility, etc. Debbie S. Miller ; illustrations by Jon Van Zyle.
260 ## - PUBLICATION, DISTRIBUTION, ETC.
Place of publication, distribution, etc. New York :
Name of publisher, distributor, etc. Scholastic,
Date of publication, distribution, etc. 2012.
300 ## - PHYSICAL DESCRIPTION
Extent 24 unnumbered pages :
Other physical details color illustrations ; maps ;
Dimensions 22 x 29 cm.
336 ## - CONTENT TYPE
Content type term text
Content type code txt
Source rdacontent
337 ## - MEDIA TYPE
Media type term unmediated
Media type code n
Source rdamedia
338 ## - CARRIER TYPE
Carrier type term volume
Carrier type code nc
Source rdacarrier
504 ## - BIBLIOGRAPHY, ETC. NOTE
Bibliography, etc. note Includes bibliographical references.
520 ## - SUMMARY, ETC.
Summary, etc. Introduces the variety of animals who call the Australian Simpson Desert home and shows how they have adapted to survive extreme temperatures.
650 #0 - SUBJECT ADDED ENTRY--TOPICAL TERM
Topical term or geographic name entry element Desert animals
Geographic subdivision Australia
-- Simpson Desert
Form subdivision Juvenile literature.
650 #0 - SUBJECT ADDED ENTRY--TOPICAL TERM
Topical term or geographic name entry element Desert ecology
Geographic subdivision Australia
-- Simpson Desert
Form subdivision Juvenile literature.
650 #0 - SUBJECT ADDED ENTRY--TOPICAL TERM
Topical term or geographic name entry element Heat adaptation
Geographic subdivision Australia
-- Simpson Desert
Form subdivision Juvenile literature.
655 #7 - INDEX TERM--GENRE/FORM
Genre/form data or focus term Literature.
Source of term lcgft
Authority record control number or standard number https://id.loc.gov/authorities/genreForms/gf2014026415
700 1# - ADDED ENTRY--PERSONAL NAME
Personal name Van Zyle, Jon,
Relator term illustrator
906 ## - LOCAL DATA ELEMENT F, LDF (RLIN)
a 7
b cbc
c orignew
d 1
e ecip
f 20
g y-gencatlg
942 ## - ADDED ENTRY ELEMENTS (KOHA)
Source of classification or shelving scheme Dewey Decimal Classification
Koha item type Books
Suppress in OPAC No
Holdings
Withdrawn status Lost status Source of classification or shelving scheme Damaged status Not for loan Collection Home library Current library Shelving location Date acquired Total Checkouts Full call number Barcode Date last seen Copy number Price effective from Koha item type
    Dewey Decimal Classification     Non-Fiction Footprints International School Library Network Toul Tom Poung Campus Footprints International School Library Network Toul Tom Poung Campus TTP Secondary Non-Fiction Bookshelves 09/10/2025   MIL 591.754 QL338 .M55 FISBK06024 09/10/2025 1 09/10/2025 Books